History Quiz

Random History or Famous Quiz

Famous People from Alabama Quiz Stats

Quiz not verified by Sporcle

Also try: March 12th
Challenge
Share
Tweet
Embed
Score 0/25 Timer 05:00
0 Plays Today
Hint Answer % Correct
Wrote Pulitzer winner 'To Kill A Mockingbird'Harper Lee
88.2%
Civil Rights activist arrested for refusing to give up her bus seatRosa Parks
70.6%
Stars in popular television show 'Friends'Courtney Cox
41.2%
Songwriter and singer of 'Margaritaville' and othersJimmy Buffett
41.2%
Civil Rights leader and wife of Martin Luther King Jr. Coretta Scott King
35.3%
NBA basketball playerCharles Barkley
35.3%
2015 CEO of AppleTim Cook
35.3%
Former Alabama governor and presidential candidateGeorge Wallace
35.3%
Writer and wife of F. Scott FitzgeraldZelda Fitzgerald
29.4%
Olympic and World Cup soccer championMia Hamm
29.4%
World heavyweight champion for 12 yearsJoe Louis
29.4%
Author of 'Fried Green Tomatoes'Fannie Flagg
23.5%
Stars in hit television show 'Orange Is the New Black'Laverne Cox
17.6%
Hint Answer % Correct
Olympic gold medalist for track and fieldJesse Owens
17.6%
Major League baseball playerHank Aaron
17.6%
Jazz singer and pianistNat King Cole
17.6%
Famous author of 'Their Eyes Were Watching God'Zora Neale Hurston
17.6%
Oscar-winning actress for 'The Help'Octavia Spencer
17.6%
Lead vocalist of the band Alabama ShakesBrittany Howard
17.6%
Author of the novel 'Big Fish'Daniel Wallace
11.8%
Author who wrote autobiography 'The Story of My Life'Helen Keller
5.9%
Country singer and songwriterHank Williams Sr.
5.9%
Tony-nominated Broadway actressRebecca Luker
5.9%
Former U.S. Secretary of StateCondoleezza Rice
5.9%
One of The Daily Show's political correspondents Roy Wood Jr.
5.9%

You're not logged in!

Compare scores with friends on all Sporcle quizzes.
Join for Free
OR
Log In

You Might Also Like...

Show Comments

Extras

Top Quizzes Today


Score Distribution

Your Account Isn't Verified!

In order to create a playlist on Sporcle, you need to verify the email address you used during registration. Go to your Sporcle Settings to finish the process.

Report this User

Report this user for behavior that violates our Community Guidelines.

Details: